1032 1334 1946 1358 1536 1673 1937 1405 1035 1875 1170 1930 1491 1453 1590 1597 1158 1028 1999 1039 1347 1099 1865 1521 1032 1272 1942 1828 1160 1969 1745 1373 1497 1006 1787 1029 1759 1417 1635 1523 1334 1870 1997 1709 1979 1908 1243 1625 1681 1235 1678 1602 1395 1060 1958 1697 1379 1568 1264 1533 1955 1965 1721 1938 1222 1871 1438 1336 1491 1864 1980 1741 1127 1734 1586 1634 1707 1739 1188 1830 1849 1310 1172 1120 1043 1111 1544 1381 1161 1063 1381 1288 1295 1516 1704 1895 1046 1840 1851 BCNSPRNW ULIB Ver.6.0+V

เปลี่ยนเป็นภาษาไทย

Change to English
 แสดงรายละเอียดบรรณานุกรม
  กลับหน้าหลัก

Brief Record : Get Marc (ISO 2709) : E-mail record : QR code < ปิดหน้าต่าง
LEADER : 00000nam 2200000uu 4500
001    13399120866
003     ULIB
008    080331s2550 th a 000 0 tha d
020    ^a9789747660562
050  4 ^aDS586^bส639 2550
245 00 ^aสาธารณสุขของแผ่นดิน /^cกระทรวงสาธารณสุข
260    ^aนนทบุรี :^bกระทรวงสาธารณสุข,^c2550
300    ^a199 หน้า :^bภาพประกอบ (สีบางภาพ) ;^c24 ซม.
600 04 ^aภูมิพลอดุลยเดช,^cพระบาทสมเด็จพระปรมินทรมหา,^d2470-^xพระราชกรณียกิจ^xแง่การแพทย์
650  4 ^aสาธารณสุข
650  4 ^aการแพทย์
710 2  ^aกระทรวงสาธารณสุข
945    ^p0^l0^i14856
945    ^p0^l0^i14857
945    ^p0^l0^i14858
945    ^p0^l0^i14859
945    ^p0^l0^i14860
995    ^aกัณชพร
999    ^aกัณชพร
รายการนี้ยังไม่มีแท็ก
คุณยังไม่ได้ล็อกอิน คุณสามารถมีกิจกรรมร่วมกับเว็บไซต์ได้ แต่ต้องล็อกอินก่อน ::
  ล็อกอิน

รายการสื่อสารสนเทศ

ลำดับที่ ประเภท เลขเรียก/บาร์โค้ด สถานที่ สถานะ
1. วิทยาศาสตร์การแพทย์ และสุขภาพ
วิทยาศาสตร์การแพทย์ และสุขภาพ
DS586 ส639 2550  
  Barcode: 14856
ห้องสมุดวิทยาเขตนครสวรรค์
►ส่วนจัดเก็บหนังสือเก่า นว.
บนชั้น
  ขอยืม
2. วิทยาศาสตร์การแพทย์ และสุขภาพ
วิทยาศาสตร์การแพทย์ และสุขภาพ
DS586 ส639 2550 ฉ.2 
  Barcode: 14857
ห้องสมุดวิทยาเขตนครสวรรค์
►ส่วนจัดเก็บหนังสือเก่า นว.
บนชั้น
  ขอยืม
3. วิทยาศาสตร์การแพทย์ และสุขภาพ
วิทยาศาสตร์การแพทย์ และสุขภาพ
DS586 ส639 2550 ฉ.3 
  Barcode: 14858
ห้องสมุดวิทยาเขตนครสวรรค์
►ส่วนจัดเก็บหนังสือเก่า นว.
บนชั้น
  ขอยืม
4. วิทยาศาสตร์การแพทย์ และสุขภาพ
วิทยาศาสตร์การแพทย์ และสุขภาพ
DS586 ส639 2550 ฉ.4 
  Barcode: 14859
ห้องสมุดวิทยาเขตนครสวรรค์
►ส่วนจัดเก็บหนังสือเก่า นว.
บนชั้น
  ขอยืม
5. วิทยาศาสตร์การแพทย์ และสุขภาพ
วิทยาศาสตร์การแพทย์ และสุขภาพ
DS586 ส639 2550 ฉ.5 
  Barcode: 14860
ห้องสมุดวิทยาเขตนครสวรรค์
►ส่วนจัดเก็บหนังสือเก่า นว.
บนชั้น
  ขอยืม

รายการใกล้เคียง
    หัวเรื่อง [สาธารณสุข]
    หัวเรื่อง [การแพทย์]

BibComment


ยังไม่เคยถูกคอมเมนท์

คอมเมนท์ทรัพยากรรายการนี้
  คอมเมนท์: สาธารณสุขของแผ่น..


 Copyright 2026. Bcnsprnw @Library